| 000 | 00792nam a2200229 a 4500 | ||
|---|---|---|---|
| 001 | 39938 | ||
| 003 | BD-RjUL | ||
| 005 | 20211209053109.0 | ||
| 008 | 160420s1977 bg ||||| |||| 00| 0 ben d | ||
| 020 | _c: Tk.45.00 | ||
| 035 | _a(BD-RjUL)40052 | ||
| 040 |
_aBD-RjUL _bben _cBD-RjUL |
||
| 041 | _aben | ||
| 082 |
_223 _a347.06 _bRAS 1977 |
||
| 100 |
_aরহমান, গাজী শামছুর _9122657 |
||
| 245 | 1 | 0 |
_aসাক্ষ্য আইনের ভাষ্য / _cগাজী শামছুর রহমান |
| 260 |
_aঢাকা : _bবাংলা একাডেমী, _c১৯৯৭ |
||
| 300 |
_a[৯] ৬২০ পৃ. ; _c২১ সেমি. |
||
| 650 |
_a আইন _9123016 _xসাক্ষ্য |
||
| 650 |
_aLaw _9123017 _xEvidence |
||
| 942 |
_2ddc _cBK |
||
| 999 |
_c39938 _d39938 |
||